巴金: (Record no. 20423)
[ view plain ]
| 000 -LEADER | |
|---|---|
| fixed length control field | 00527nam a2200205Ia 4500 |
| 008 - FIXED-LENGTH DATA ELEMENTS--GENERAL INFORMATION | |
| fixed length control field | 200826s9999||||xx |||||||||||||| ||und|| |
| 020 ## - INTERNATIONAL STANDARD BOOK NUMBER | |
| International Standard Book Number | 7020100791 |
| 020 ## - INTERNATIONAL STANDARD BOOK NUMBER | |
| International Standard Book Number | 9787020100798 |
| 041 ## - LANGUAGE CODE | |
| Language code of text/sound track or separate title | chi |
| 050 ## - LIBRARY OF CONGRESS CALL NUMBER | |
| Classification number | PL2780.F4 |
| Item number | .A61 1980 |
| 100 ## - MAIN ENTRY--PERSONAL NAME | |
| Personal name | 巴金 |
| 245 #0 - TITLE STATEMENT | |
| Title | 巴金: |
| Remainder of title | 随想录 / |
| Statement of responsibility, etc. | 巴金 |
| 246 ## - VARYING FORM OF TITLE | |
| Title proper/short title | 巴金: |
| Remainder of title | 隨想錄/ |
| 260 ## - PUBLICATION, DISTRIBUTION, ETC. | |
| Place of publication, distribution, etc. | 北京 : |
| Name of publisher, distributor, etc. | 人民文学出版社 ,, |
| 300 ## - PHYSICAL DESCRIPTION | |
| Extent | 5 v. |
| Other physical details | ; |
| Dimensions | 19 cm. |
| 650 ## - SUBJECT ADDED ENTRY--TOPICAL TERM | |
| Topical term or geographic name entry element | Ba, Jin., -- 1904-2005. |
| 650 ## - SUBJECT ADDED ENTRY--TOPICAL TERM | |
| Topical term or geographic name entry element | Chinese literature. |
| 949 ## - LOCAL PROCESSING INFORMATION (OCLC) | |
| v | v.1 |
| Withdrawn status | Lost status | Damaged status | Not for loan | Home library | Current library | Shelving location | Date acquired | Total Checkouts | Full call number | Barcode | Date last seen | Date last checked out | Price effective from | Koha item type |
|---|---|---|---|---|---|---|---|---|---|---|---|---|---|---|
| GETS Theological Seminary Library | GETS Theological Seminary Library | General Stacks | 08/26/2020 | 1 | PL2780.F4 .A61 1980 v.1 | 00007981 | 04/06/2026 | 02/12/2026 | 08/26/2020 | Chinese Book |